000 00688nas a2200253 4500
001 BR8404896
003 BR-BrBNA
005 20231205090011.0
007 ta
008 230509b bl.|||p| |||| 00| 00por d
040 _aBR-BrBNA
_bpor
_cBiblioteca Nacional de Agricultura
041 _a(Pt)
072 _aF01
100 1 _aDurigan, J.C.D.
100 1 _aCattaneo, S.F.
245 1 _aUso de dessecante em pre-colheita [soja]
650 _aDESSECANTE
650 _aCOLHEITA
650 _aSOJA
650 _aVARIEDADE
773 0 _tGranja (Brazil)
_xISSN 0367-505X
_g(Dec 1984), v. 40(443) p. 88-90
_wBR8404896
909 _a202311
_bLúcia
_c55
_dLúcia Elande
942 _2AGRIS
_n0
_cANA
999 _c115414
_d115414